[Event "GER-chT11-B3 email"]
[Site "GER email"]
[Date "2015.10.15"]
[Round "?.3"]
[White "Zylla, Johannes"]
[Black "Baumgartner, Ulrich"]
[Result "1/2-1/2"]
[WhiteElo "2282"]
[BlackElo "2388"]
[PlyCount "73"]
[EventDate "2015.??.??"]
[EventType "tourn (corr)"]
[EventRounds "8"]
[EventCountry "GER"]
[SourceTitle "Corr 2017"]
[Source "ChessBase"]
[SourceDate "2017.09.19"]
[SourceVersion "1"]
[SourceVersionDate "2017.09.19"]
[SourceQuality "1"]
[WhiteTeam "SC Zitadelle Spandau II"]
[BlackTeam "Eintracht Langenbek"]

1. d4 d5 2. c4 c6 3. Nc3 e6 4. Nf3 dxc4 5. e3 b5 6. a4 Bb4 7. Bd2 a5 8. axb5 Bxc3 9. Bxc3 cxb5 10. b3 Bb7 11. bxc4 b4 12. Bb2 Nf6 13. Bd3 Nbd7 14. 0-0 0-0 15. Re1 Be4 16. Bxe4 Nxe4 17. Qc2 f5 18. c5 Qc7 19. Ra2 Qc6 20. Qb3 Ra6 21. Rea1 Qb5 22. Ne1 Rfa8 23. Qd3 Qxd3 24. Nxd3 Nb8 25. f3 Nf6 26. Ra4 Nc6 27. Kf2 g5 28. h4 g4 29. Bc1 Nd5 30. Bd2 Nc7 31. f4 Nd5 32. Nb2 Kf7 33. Ke2 Nf6 34. Nc4 h5 35. Nd6+ Ke7 36. Kd3 Kd7 37. Nc4 1/2-1/2

[Event "GER-chT11-B3 email"]
[Site "GER email"]
[Date "2015.10.15"]
[Round "?.3"]
[White "Zylla, Johannes"]
[Black "Kuzaj, Helmut"]
[Result "1/2-1/2"]
[WhiteElo "2282"]
[BlackElo "2296"]
[PlyCount "105"]
[EventDate "2015.??.??"]
[EventType "tourn (corr)"]
[EventRounds "8"]
[EventCountry "GER"]
[SourceTitle "Corr 2017"]
[Source "ChessBase"]
[SourceDate "2017.09.19"]
[SourceVersion "1"]
[SourceVersionDate "2017.09.19"]
[SourceQuality "1"]
[WhiteTeam "SC Zitadelle Spandau II"]
[BlackTeam "Friesen Lichtenberg"]

1. d4 Nf6 2. c4 e6 3. Nc3 d5 4. Bg5 Bb4 5. e3 Nbd7 6. cxd5 exd5 7. Bd3 0-0 8. Nge2 c6 9. 0-0 h6 10. Bh4 Re8 11. Qc2 Nf8 12. a3 Bd6 13. h3 a5 14. Rad1 Ne6 15. Rfe1 Ng5 16. f4 Ne6 17. e4 dxe4 18. Nxe4 Be7 19. Bxf6 Bxf6 20. d5 Nd4 21. Qc5 Nxe2+ 22. Rxe2 Bf5 23. Bc2 Bxe4 24. Bxe4 Bxb2 25. Kh2 Bf6 26. Rde1 Kh8 27. Qc4 Rf8 28. dxc6 Rc8 29. Qa4 bxc6 30. Bxc6 Qd6 31. Bf3 g5 32. Kh1 Qxf4 33. Qxf4 gxf4 34. Re4 Bg5 35. Re5 Bd8 36. Rd5 Rc3 37. Red1 Bc7 38. a4 Rc4 39. R1d4 Rxd4 40. Rxd4 Re8 41. Kh2 Bb6 42. Rd5 Re1 43. h4 Ra1 44. Rd6 Bg1+ 45. Kh3 Kg7 46. Rd7 Rxa4 47. Bh5 Ra3+ 48. Kg4 Rg3+ 49. Kf5 Rxg2 50. Rxf7+ Kg8 51. Rf6 Bf2 52. Bf3 Rg1 53. Rxh6 1/2-1/2